[Event "Olympiad-45"]
[Site "Budapest"]
[Date "2024.09.19"]
[Round "8.1"]
[White "Moncur, Cecil"]
[Black "Mahamat, Hachim Bachar"]
[Result "0-1"]
[WhiteElo "1839"]
[BlackElo "1872"]
[PlyCount "80"]
[EventDate "2024.09.11"]
[EventType "team-swiss"]
[EventRounds "11"]
[EventCountry "HUN"]
[SourceTitle "EXT 2025"]
[Source "ChessBase"]
[SourceDate "2024.10.14"]
[SourceVersion "1"]
[SourceVersionDate "2024.10.14"]
[SourceQuality "1"]
[WhiteTeam "Bahamas"]
[BlackTeam "Chad"]
[WhiteTeamCountry "BAH"]
[BlackTeamCountry "CHD"]

1. d4 e6 2. e4 d5 3. e5 c5 4. c3 Nc6 5. Nf3 Nge7 6. Bd3 Ng6 7. h4 h5 8. Bxg6 fxg6 9. Qd3 Ne7 10. dxc5 Nf5 11. Bg5 Qc7 12. b4 a5 13. Nbd2 axb4 14. cxb4 b6 15. Nb3 bxc5 16. bxc5 Ba6 17. Qc2 Bc4 18. Be3 Ra3 19. Rb1 Be7 20. Bg5 0-0 21. Bxe7 Nxe7 22. Qb2 Rfa8 23. Nfd2 Bd3 24. Ra1 Nc6 25. f4 R8a4 26. Rh3 Bf5 27. Rc3 d4 28. Rc4 Qd8 29. g3 Qd5 30. Rxa4 Rxa4 31. a3 Qg2 32. Nc1 Qxg3+ 33. Kd1 Qg1+ 34. Ke2 Qg2+ 35. Kd1 d3 36. Nc4 Bg4+ 37. Ke1 Qg1+ 38. Kd2 Rxc4 39. Nxd3 Qg2+ 40. Ke1 Re4+ 0-1

[Event "Olympiad-44"]
[Site "Chennai"]
[Date "2022.08.01"]
[Round "4.1"]
[White "Jimma, Desalegu Fekadu"]
[Black "Moncur, Cecil"]
[Result "1-0"]
[WhiteElo "2112"]
[BlackElo "1815"]
[PlyCount "121"]
[EventDate "2022.07.29"]
[EventType "team-swiss"]
[EventRounds "11"]
[EventCountry "IND"]
[SourceTitle "CBM 210"]
[Source "ChessBase"]
[SourceDate "2022.10.31"]
[SourceVersion "1"]
[SourceVersionDate "2022.10.31"]
[SourceQuality "1"]
[WhiteTeam "Ethiopia"]
[BlackTeam "Bahamas"]
[WhiteTeamCountry "ETH"]
[BlackTeamCountry "BAH"]

1. d4 g6 2. c4 Bg7 3. Nc3 d6 4. e4 Nc6 5. Be3 e5 6. d5 Nce7 7. Bd3 f5 8. exf5 Nxf5 9. Bd2 Nd4 10. Nge2 Ne7 11. Nxd4 exd4 12. Ne4 0-0 13. 0-0 c5 14. Bg5 Qc7 15. Qd2 Nf5 16. Rae1 h6 17. Bf4 g5 18. Bg3 Bd7 19. Bc2 Rae8 20. Qd3 Be5 21. f4 gxf4 22. Bxf4 Bc8 23. Bxe5 Rxe5 24. Ng3 Rxe1 25. Rxe1 Ne3 26. Bd1 Qf7 27. Bf3 Bg4 28. Re2 Bxf3 29. gxf3 Kg7 30. Rf2 Ng4 31. Rg2 Qxf3 32. Qxf3 Rxf3 33. Ne4 Rf4 34. Nxd6 Kf6 35. Nxb7 Ne3 36. Rf2 Rxf2 37. Kxf2 Nd1+ 38. Ke2 Nxb2 39. Nxc5 Nxc4 40. Kd3 Ne5+ 41. Ke4 h5 42. d6 d3 43. Nxd3 Nxd3 44. Kxd3 Ke6 45. Ke4 Kxd6 46. Kf5 Kd5 47. Kg5 Ke5 48. Kxh5 Kf5 49. h4 a6 50. Kh6 Kf6 51. a4 Kf5 52. a5 Kf6 53. h5 Kf7 54. Kg5 Kg7 55. Kf5 Kh6 56. Ke6 Kxh5 57. Kd6 Kg6 58. Kc6 Kf7 59. Kb6 Ke8 60. Kxa6 Kd8 61. Kb7 1-0

[Event "Olympiad-43"]
[Site "Batumi"]
[Date "2018.09.30"]
[Round "6.83"]
[White "Moncur, Cecil"]
[Black "Esungi, Guy Botetsi"]
[Result "0-1"]
[WhiteElo "1873"]
[BlackElo "1495"]
[PlyCount "72"]
[EventDate "2018.09.24"]
[EventType "team-swiss"]
[EventRounds "11"]
[EventCountry "GEO"]
[SourceTitle "CBM 187"]
[Source "ChessBase"]
[SourceDate "2018.12.11"]
[SourceVersion "1"]
[SourceVersionDate "2018.12.11"]
[SourceQuality "1"]
[WhiteTeam "Bahamas"]
[BlackTeam "Congo"]
[WhiteTeamCountry "BAH"]
[BlackTeamCountry "CON"]

1. d4 d5 2. c4 Nf6 3. cxd5 Nxd5 4. e4 Nb6 5. Nf3 e6 6. Bd3 Bb4+ 7. Nc3 0-0 8. 0-0 Nc6 9. Be3 Bxc3 10. bxc3 a6 11. Rb1 Nd7 12. e5 Ne7 13. Bxh7+ Kh8 14. Be4 f5 15. Ng5 Qe8 16. Nxe6 Qg6 17. Nxf8 Nxf8 18. Bxb7 Bxb7 19. Rxb7 Nd5 20. c4 Qc6 21. Qh5+ Nh7 22. Rb3 Nxe3 23. Rxe3 Qxc4 24. Rh3 Qg8 25. Qxf5 Rf8 26. Qg6 Rf4 27. Rb1 Rf8 28. d5 a5 29. Rh4 a4 30. Rh3 a3 31. Rb4 Rxf2 32. Rbh4 Rxg2+ 33. Kh1 Rxg6 34. Rxh7+ Qxh7 35. Rxh7+ Kxh7 36. e6 Kg8 0-1

[Event "Olympiad-42"]
[Site "Baku"]
[Date "2016.09.11"]
[Round "9.4"]
[White "Juarez Flores, Gustavo Enrique"]
[Black "Moncur, Cecil"]
[Result "0-1"]
[WhiteElo "2114"]
[BlackElo "1869"]
[PlyCount "86"]
[EventDate "2016.09.02"]
[EventType "team-swiss"]
[EventRounds "11"]
[EventCountry "AZE"]
[SourceTitle "CBM 175"]
[Source "ChessBase"]
[SourceDate "2016.11.10"]
[SourceVersion "1"]
[SourceVersionDate "2016.11.10"]
[SourceQuality "1"]
[WhiteTeam "Guatemala"]
[BlackTeam "Bahamas"]
[WhiteTeamCountry "GUA"]
[BlackTeamCountry "BAH"]

1. e4 c5 2. Nf3 e6 3. d4 cxd4 4. Nxd4 Nf6 5. Bd3 Nc6 6. Nxc6 bxc6 7. 0-0 d5 8. e5 Nd7 9. f4 Nc5 10. Be2 Qb6 11. Kh1 Ne4 12. Qe1 Bc5 13. g4 Bf2 14. Qd1 Bd4 15. c3 Nf2+ 16. Rxf2 Bxf2 17. Qd3 a5 18. Na3 Ba6 19. Qf3 Bxe2 20. Qxe2 g6 21. Nc2 h5 22. Ne3 Bxe3 23. Bxe3 Qb5 24. Qxb5 cxb5 25. g5 0-0 26. Kg2 Rfc8 27. Kf3 b4 28. Rc1 bxc3 29. bxc3 Rab8 30. Rc2 Rc4 31. Bd4 Kf8 32. Ke3 Ke8 33. Kd3 Kd7 34. Rf2 Kc6 35. Rd2 Ra4 36. Rf2 Rb1 37. Re2 Rd1+ 38. Ke3 Ra1 39. Rb2 R1xa2 40. Rb6+ Kc7 41. f5 Rxd4 42. fxg6 Re4+ 43. Kf3 fxg6 0-1

[Event "Olympiad-41"]
[Site "Tromsoe"]
[Date "2014.08.03"]
[Round "2.3"]
[White "Gator, Mosab"]
[Black "Moncur, Cecil"]
[Result "1/2-1/2"]
[WhiteElo "2166"]
[BlackElo "1689"]
[PlyCount "126"]
[EventDate "2014.08.02"]
[EventType "team-swiss"]
[EventRounds "11"]
[EventCountry "NOR"]
[SourceTitle "CBM 162"]
[Source "ChessBase"]
[SourceDate "2014.09.17"]
[SourceVersion "1"]
[SourceVersionDate "2014.09.17"]
[SourceQuality "1"]
[WhiteTeam "Libya"]
[BlackTeam "Bahamas"]
[WhiteTeamCountry "LBY"]
[BlackTeamCountry "BAH"]

1. e4 g6 2. Nc3 Bg7 3. d4 c6 4. Nf3 d5 5. e5 Bg4 6. h3 Bxf3 7. Qxf3 Qb6 8. Qd3 e6 9. Bd2 Nd7 10. 0-0-0 0-0-0 11. Na4 Qc7 12. f4 h5 13. g3 Bf8 14. Bg2 c5 15. dxc5 Nxc5 16. Nxc5 Bxc5 17. g4 Ne7 18. Kb1 Qb6 19. Rde1 Kb8 20. Bf3 Bf2 21. Ref1 Bc5 22. Qe2 hxg4 23. hxg4 Rc8 24. Qe1 a6 25. Ba5 Qa7 26. Rxh8 Rxh8 27. Rh1 Rxh1 28. Qxh1 Bb6 29. Bc3 Be3 30. Qh8+ Nc8 31. Qf6 Bd4 32. Bd2 Qb6 33. b3 Be3 34. Bc3 Qc7 35. Be1 Qd7 36. Be2 Bc5 37. Bd3 Na7 38. Qh8+ Nc8 39. Qh7 Qc7 40. Qh3 Ne7 41. Qh8+ Ka7 42. Qg7 Nc6 43. Bxg6 Be3 44. Qxf7 Qxf7 45. Bxf7 Bxf4 46. Bxe6 Nxe5 47. Kb2 Kb6 48. Kc3 Kc6 49. Bf2 Kd6 50. Bc8 Kc7 51. Bf5 Kd6 52. a4 Nc6 53. Kd3 Nb4+ 54. Ke2 Ke5 55. Kf3 Bd2 56. Be3 Bc3 57. Bh7 b5 58. axb5 axb5 59. g5 Ke6 60. Kg4 Kf7 61. Bd3 Nxd3 62. cxd3 Kg6 63. d4 Bb4 1/2-1/2

[Event "Olympiad-41"]
[Site "Tromsoe"]
[Date "2014.08.02"]
[Round "1.4"]
[White "Holm, Kristian Stuvik"]
[Black "Moncur, Cecil"]
[Result "1-0"]
[WhiteElo "2275"]
[BlackElo "1689"]
[PlyCount "77"]
[EventDate "2014.08.02"]
[EventType "team-swiss"]
[EventRounds "11"]
[EventCountry "NOR"]
[SourceTitle "CBM 162"]
[Source "ChessBase"]
[SourceDate "2014.09.17"]
[SourceVersion "1"]
[SourceVersionDate "2014.09.17"]
[SourceQuality "1"]
[WhiteTeam "Norway III"]
[BlackTeam "Bahamas"]
[WhiteTeamCountry "NOR"]
[BlackTeamCountry "BAH"]

1. d4 g6 2. c4 Bg7 3. Nf3 d6 4. Nc3 Nc6 5. d5 Ne5 6. Nxe5 Bxe5 7. e4 Nf6 8. Bd3 0-0 9. 0-0 c6 10. Kh1 cxd5 11. exd5 Bd7 12. Qb3 Qb6 13. Qc2 Bd4 14. f3 Kg7 15. Bg5 h6 16. Bd2 Rac8 17. Rae1 Rce8 18. b3 Rh8 19. Ne2 h5 20. Nxd4 Qxd4 21. Be3 Qh4 22. Bxa7 e5 23. dxe6 Rxe6 24. Rxe6 Bxe6 25. Bf2 Qg5 26. Bd4 Qf4 27. Qb2 h4 28. Kg1 Ra8 29. a4 Ra5 30. Kf2 Rg5 31. Re1 d5 32. c5 Rh5 33. a5 g5 34. Be5 Qb4 35. Bxf6+ Kg8 36. Qc3 Qxc3 37. Bxc3 g4 38. fxg4 Bxg4 39. Re8# 1-0